<?xml version="1.0" encoding="UTF-8"?>
<record
    xmlns:xsi="http://www.w3.org/2001/XMLSchema-instance"
    xsi:schemaLocation="http://www.loc.gov/MARC21/slim http://www.loc.gov/standards/marcxml/schema/MARC21slim.xsd"
    xmlns="http://www.loc.gov/MARC21/slim">

  <leader>02419nam a2200445Ia 4500</leader>
  <controlfield tag="001">Para_9004</controlfield>
  <controlfield tag="003">CHAP</controlfield>
  <controlfield tag="005">20250204114443.0</controlfield>
  <controlfield tag="007">ta</controlfield>
  <controlfield tag="008">220125s2003    sp a   gr     001 1 spa d</controlfield>
  <datafield tag="010" ind1=" " ind2=" ">
    <subfield code="a">207782</subfield>
  </datafield>
  <datafield tag="020" ind1=" " ind2=" ">
    <subfield code="a">978-84-7720-685-9</subfield>
  </datafield>
  <datafield tag="040" ind1=" " ind2=" ">
    <subfield code="c">CHAP</subfield>
    <subfield code="a">mxchpua</subfield>
  </datafield>
  <datafield tag="050" ind1="1" ind2="0">
    <subfield code="a">PS3511.I73 </subfield>
    <subfield code="b">.09518 2015</subfield>
  </datafield>
  <datafield tag="082" ind1="0" ind2="0">
    <subfield code="a">PA 646.7 </subfield>
    <subfield code="b">F5</subfield>
    <subfield code="2">20</subfield>
  </datafield>
  <datafield tag="100" ind1="1" ind2=" ">
    <subfield code="a">Fisher, Robert</subfield>
    <subfield code="9">127771</subfield>
    <subfield code="e">autor</subfield>
  </datafield>
  <datafield tag="240" ind1="1" ind2="4">
    <subfield code="a">The owl who didn&#xB4;t give a hoot.</subfield>
    <subfield code="l">Espa&#xF1;ol</subfield>
  </datafield>
  <datafield tag="245" ind1="1" ind2="3">
    <subfield code="a">El b&#xFA;ho que no pod&#xED;a ulular /</subfield>
    <subfield code="c">por Robert Fisher y Beth Kelly ; traductora Ver&#xF3;nica d'Ornellas</subfield>
  </datafield>
  <datafield tag="250" ind1=" " ind2=" ">
    <subfield code="a">26a edici&#xF3;n</subfield>
  </datafield>
  <datafield tag="250" ind1=" " ind2=" ">
    <subfield code="a">47a edici&#xF3;n</subfield>
  </datafield>
  <datafield tag="264" ind1=" " ind2=" ">
    <subfield code="a">Barcelona, Espa&#xF1;a :</subfield>
    <subfield code="b">Obelisco,</subfield>
    <subfield code="c">2015</subfield>
  </datafield>
  <datafield tag="300" ind1=" " ind2=" ">
    <subfield code="a">99 p&#xE1;ginas :</subfield>
    <subfield code="b">ilustraciones</subfield>
  </datafield>
  <datafield tag="505" ind1="0" ind2=" ">
    <subfield code="a">El buho que no pod&#xED;a ulular -- La cuclilla que no quer&#xED;a cantar cuc&#xFA; -- La m&#xE1;s peque&#xF1;a de las mariposas -- La perrita preocupada y el grillo consciente</subfield>
  </datafield>
  <datafield tag="520" ind1="2" ind2=" ">
    <subfield code="a">El b&#xFA;ho que no pod&#xED;a ulular es una recopilaci&#xF3;n de cuatro cuentos con los que Robert Fisher y Beth Kelly le recuerdan al ni&#xF1;o que hay dentro de todos nosotros algunas ideas importantes que hemos perdido en nuestro viaje por la edad adulta. Sus protagonistas son un b&#xFA;ho y un pato que no saben pronunciar lo que se supone que dicen los b&#xFA;hos y los patos, una cuclilla que buscaba hacer suyo el canto de otro p&#xE1;jaro, una peque&#xF1;a mariposa que decide aprovechar al m&#xE1;ximo el &#xFA;nico d&#xED;a de su vida y una perrita lebrel atemorizada por todo. Escritos en clave de f&#xE1;bula, estos cuentos nos ayudan a identificar nuestros temores, nuestras inquietudes y nuestras dudas. Su lectura invita a la reflexi&#xF3;n. Su mensaje es sencillo: si nos llenamos de amor, no dejamos espacio para el odio. Una ense&#xF1;anza en apariencia sencilla, pero muchas veces tambi&#xE9;n olvidada.</subfield>
  </datafield>
  <datafield tag="650" ind1="1" ind2="3">
    <subfield code="a">Motivaci&#xF3;n (psicolog&#xED;a)</subfield>
    <subfield code="9">79090</subfield>
  </datafield>
  <datafield tag="650" ind1="1" ind2="3">
    <subfield code="a">Superaci&#xF3;n personal </subfield>
    <subfield code="9">143097</subfield>
  </datafield>
  <datafield tag="650" ind1="1" ind2="7">
    <subfield code="a">Cuentos</subfield>
    <subfield code="9">30096</subfield>
  </datafield>
  <datafield tag="650" ind1="1" ind2="0">
    <subfield code="a">Literatura norteamericana </subfield>
    <subfield code="y"> Siglo XX</subfield>
    <subfield code="9">144999</subfield>
  </datafield>
  <datafield tag="650" ind1="1" ind2="3">
    <subfield code="a">Autoestima</subfield>
    <subfield code="9">186710</subfield>
  </datafield>
  <datafield tag="650" ind1="1" ind2="3">
    <subfield code="a">Self-esteem</subfield>
    <subfield code="9">186711</subfield>
  </datafield>
  <datafield tag="650" ind1="1" ind2="3">
    <subfield code="a">Stories  </subfield>
    <subfield code="9">152742</subfield>
  </datafield>
  <datafield tag="650" ind1="1" ind2="0">
    <subfield code="a">American literature</subfield>
    <subfield code="y">20th century  </subfield>
    <subfield code="9">153260</subfield>
  </datafield>
  <datafield tag="700" ind1=" " ind2=" ">
    <subfield code="a">Kelly, Beth</subfield>
    <subfield code="9">174276</subfield>
    <subfield code="e">autora</subfield>
  </datafield>
  <datafield tag="700" ind1=" " ind2=" ">
    <subfield code="a">d'Ornellas Radziwill, Ver&#xF3;nica</subfield>
    <subfield code="9">160354</subfield>
    <subfield code="e">traductora</subfield>
  </datafield>
  <datafield tag="901" ind1=" " ind2=" ">
    <subfield code="a">PA 646.7 F5</subfield>
  </datafield>
  <datafield tag="902" ind1=" " ind2=" ">
    <subfield code="a">A</subfield>
  </datafield>
  <datafield tag="905" ind1=" " ind2=" ">
    <subfield code="a">0000002003                                 0000000000   00</subfield>
  </datafield>
  <datafield tag="910" ind1=" " ind2=" ">
    <subfield code="a">2003</subfield>
  </datafield>
  <datafield tag="942" ind1=" " ind2=" ">
    <subfield code="c">LIBRO</subfield>
    <subfield code="2">ddc</subfield>
  </datafield>
  <datafield tag="999" ind1=" " ind2=" ">
    <subfield code="c">207782</subfield>
    <subfield code="d">207782</subfield>
  </datafield>
  <datafield tag="952" ind1=" " ind2=" ">
    <subfield code="0">0</subfield>
    <subfield code="1">0</subfield>
    <subfield code="2">ddc</subfield>
    <subfield code="4">0</subfield>
    <subfield code="5">1</subfield>
    <subfield code="7">0</subfield>
    <subfield code="8">GRAL</subfield>
    <subfield code="a">PA</subfield>
    <subfield code="b">PA</subfield>
    <subfield code="d">2005-10-27</subfield>
    <subfield code="i">(PA_8772) (No. UACh C/E)</subfield>
    <subfield code="l">0</subfield>
    <subfield code="o">PA 646.7 F5</subfield>
    <subfield code="p">4102003860</subfield>
    <subfield code="r">2022-01-25 00:00:00</subfield>
    <subfield code="t">Ej.1</subfield>
    <subfield code="w">2022-01-25</subfield>
    <subfield code="y">LIBRO</subfield>
    <subfield code="z">3</subfield>
  </datafield>
  <datafield tag="952" ind1=" " ind2=" ">
    <subfield code="0">0</subfield>
    <subfield code="1">0</subfield>
    <subfield code="2">ddc</subfield>
    <subfield code="4">0</subfield>
    <subfield code="5">2</subfield>
    <subfield code="7">0</subfield>
    <subfield code="8">LIT</subfield>
    <subfield code="a">IA_</subfield>
    <subfield code="b">IA_</subfield>
    <subfield code="d">2021-12-09</subfield>
    <subfield code="e">Compra Librer&#xED;a UACh F 39630</subfield>
    <subfield code="i">Consumo</subfield>
    <subfield code="l">0</subfield>
    <subfield code="o">808.839301 F57 B84 2015</subfield>
    <subfield code="p">1108014644</subfield>
    <subfield code="r">2023-04-17 00:00:00</subfield>
    <subfield code="t">Ej. 1</subfield>
    <subfield code="w">2023-04-17</subfield>
    <subfield code="y">LIBRO</subfield>
  </datafield>
</record>
